000 00710nam a2200229 i 4500
001 bgj
100 1 _aMEISTER, Charles W.
245 1 0 _aCheckhov criticism :
_b1880 through 1986 /
_cby Charles W. Meister.
260 _aJefferson :
_bMcFarland & Company, Inc. Publishers,
_ccop. 1988
_aLondon.
300 _aX, 350 pp ;
_c24 cm.
504 _aBibliography p. 331-334.
505 _aIncludes index.
600 1 9 _aCHEKHOV, Anton Pavlovich, 1860-1904
600 1 9 _aCHEKHOV, Anton Pavlovich, 1860-1904
_xPlots
655 _aCriticism and interpretation
020 _a0899503551
040 _cBPK
041 0 _aeng
920 _a0-89950-355-1
942 _cKS
008 s uk f |000 0 eng
999 _c47690
_d47690
856 _uhttp://koha.tu.koszalin.pl/cgi-bin/koha/opac-detail.pl?biblionumber=47690
_yKatalog online BPK